| 000 | 00000nam 2200000za 4500 |
| 001 | 9.817057 |
| 003 | CaOODSP |
| 005 | 20221107142405 |
| 007 | cr ||||||||||| |
| 008 | 160506s2012 xxc |o f|0| 0 eng d |
| 040 | |aCaOODSP|beng |
| 043 | |an-cn--- |
| 086 | 1 |aPE2-17/2012E-PDF |
| 110 | 1 |aCanada.|bPublic Servants Disclosure Protection Tribunal Canada. |
| 245 | 10|aStatement on joint book of documents |h[electronic resource]. |
| 260 | |a[Ottawa] : |bPublic Servants Disclosure Protection Tribunal Canada, |c2012. |
| 300 | |a5 p. : |btable. |
| 500 | |aJuly 2012. |
| 500 | |aIssued also in French under title: Énoncé sur le recueil conjoint des documents. |
| 692 | 07|2gccst|aMethodology |
| 775 | 08|tÉnoncé sur le recueil conjoint des documents |w(CaOODSP)9.817061 |
| 856 | 40|qPDF|s334 KB|uhttps://publications.gc.ca/collections/collection_2016/tpfdc-psdptc/PE2-17-2012-eng.pdf |